Sir Seewoosagur Ramgoolam Int. Destinations(Plaine Magnien, Mauritius) - Statistics

General Stats
  • This quiz has been taken 105 times
    31 since last reset
  • The average score is 28 of 39
Answer Stats
Airline Destination % Correct
Air Mauritius Delhi
100%
Emirates Dubai (International)
100%
Air Mauritius/British Airways/TUI Airways London (Gatwick)
100%
Air France/Air Mauritius Paris (Charles de Gaulle)
100%
Corsair International Paris (Orly)
100%
TUI fly Netherlands Amsterdam
94%
Air Mauritius/South African Airways Cape Town
94%
Turkish Airlines Istanbul
94%
Air Mauritius/FlySafair/South African Airways Johannesburg (O.R. Tambo)
94%
Air India/Air Mauritius Mumbai
94%
Saudia Riyadh
94%
ITA Airways/Neos Rome (Fiumicino)
94%
Austrian Airlines Vienna
94%
LOT Polish Airlines Warsaw (Chopin)
94%
Kenya Airways Nairobi (Jomo Kenyatta)
88%
IndiGo Bengaluru
82%
Air Mauritius Chennai
82%
Saudia Jeddah
82%
Iberojet/World2Fly Madrid
82%
Neos Milan (Malpensa)
82%
Bulgaria Air Sofia
82%
Edelweiss Air Zürich
82%
Corsair International Marseille
76%
Aeroflot Moscow (Sheremetyevo)
76%
TUI fly Nordic Oslo
76%
Condor/Discover Airlines Frankfurt
65%
TUI fly Nordic Helsinki
65%
Corsair International Lyon
65%
Air Seychelles Mahé
65%
Air Mauritius Perth
65%
Air Mauritius Antananarivo
47%
Air Mauritius Kuala Lumpur (International)
41%
Air Mauritius Geneva
35%
Air Austral/Air Mauritius Saint-Denis de la Réunion
35%
Air Mauritius Rodrigues
29%
Neos Ostrava
12%
Neos Bratislava
6%
Neos Brno
6%
Air Austral Saint-Pierre de la Réunion
6%
No matching quizzes found
Score Distribution
Percent of People with Each Score
Percentile by Number Answered
Your Score History
You have not taken this quiz since the last reset